Представление документа в формате MARC21

Поле Инд. ПП Название Значение
Тип записи a
Библиографический уровень m
001 Контрольный номер cd87cd7b63984626a5661f1b24e9c919
005 Дата корректировки 20191014141344.2
008 Кодируемые данные 170510|||||||||ru |||||||||||||||||rus||
020 a ISBN 978-5-933080-17-6
041 0_ a Код языка текста rus
084 a Индекс другой классификации/Индекс ББК 47.28-2
090 a Полочн. индекс 47.28
x Авторский знак Н 40
100 1_ a Автор Неваленный А. Н.
245 10 a Заглавие Биологические основы рыбоводства
b Продолж. заглавия учеб. пособие для студентов высш. и сред. образоват. орг., обучающихся по направлениям подгот. бакалавриата 35.03.08 "Водные биоресурсы и аквакультура", магистратуры 35.04.07 "Водные биоресурсы и аквакультура" и специальности (СПО) 35.02.09 "Ихтиология и рыбоводство"
260 a Место издания Москва
b Издательство Моркнига
c Дата издания 2016
300 a Объем 429 с.
b Иллюстрации/ тип воспроизводства ил.
440 _0 a Серия Учебник
500 a Примечание Биогр. авт.: с. 427-429
504 a Библиография Библиогр.: с. 424-426
583 x Служебное примечание Водные биоресурсы и аквакультура. ВПО
x Служебное примечание Ихтиология и рыбоводство. СПО
z Открытое примечание 35.03.08
z Открытое примечание 35.04.07
z Открытое примечание 35.02.09
650 04 a Основная рубрика Биология рыб-Рыбоводство-Учебные издания для высших учебных заведений-Бакалавриат
650 04 a Основная рубрика Биология рыб-Рыбоводство-Учебные издания для высших учебных заведений-Магистратура
650 04 a Основная рубрика Ихтиология-Рыбоводство-Учебные издания для среднего профессионального образования
653 0_ a Ключевые слова Акклиматизация рыб; Биология рыб; Выращивание рыбы; Искусственное разведение рыб; Ихтиология; Рыбоводство; Рыбоводные предприятия
a Ключевые слова Разведение рыб
700 12 a Другие авторы Пономарева Е. Н.
700 12 a Другие авторы Сорокина М. Н.
901 t Тип документа m
952 b Гриф литературы для ВШ Допущено Упр. науки и образования Федер. агентства по рыболовству
c Вид литературы учебное пособие